Statistics for Biggest World Capitals A-Z

Click here to take the quiz!

General Stats

  • This quiz has been taken 94 times
  • The average score is 15 of 24

Answer Stats

Letter Capital Population % Correct
BBeijing20,693,000
92%
TTokyo13,189,000
87%
JJakarta10,187,595
84%
LLondon8,630,100
83%
MMoscow11,541,000
83%
NNew Delhi11,007,835
78%
QQuito1,504,991
71%
CCairo7,438,376
70%
SSeoul10,369,593
69%
HHanoi7,087,700
66%
WWarsaw1,711,324
66%
OOttawa898,150
65%
IIslamabad955,629
65%
ZZagreb804,200
65%
KKinshasa4,385,264
64%
DDhaka6,970,105
60%
UUlaanbaatar907,802
57%
AAnkara5,150,072
52%
RRiyadh4,878,723
49%
VVienna1,749,673
45%
GGuatemala City1,022,000
42%
PPyongyang3,144,005
39%
YYaoundé1,616,000
35%
FFreetown1,070,200
22%

Score Distribution

Percentile by Number Answered

Percent of People with Each Score

Your Score History

You have not taken this quiz